00398 2200169 4500001002100000008004100021035002000062245002900082250001000111260002600121300001500147020001500162084001700177082001100194650001000205990001300215INLIS000000000000010 ind  a0010-0921000010 aluv Me Princess!cMya ye aCet.2 aDepokbKataKitac2005 a200c20 cm a9793778032 a808.83 MYA l a808.83 aFiksi aDI. 2128